| 000 | 00578nam a22001577a 4500 | ||
|---|---|---|---|
| 020 | _qHBK | ||
| 082 | _a530 | ||
| 100 | _aAzad, Fahad | ||
| 245 |
_aFabrication, Structural Characterization, Electric and Dielectric Parameters of the Laboratory Synthesized Nano-Crystalline Erbium Oxide (Er2O3) _cFahad Azad |
||
| 260 |
_aIslamabad: _bSNS - NUST, _c2013. |
||
| 300 |
_a58 p. : ill. ; _c30cm. |
||
| 650 |
_aPhysics - M. Phil Thesis. _916472 |
||
| 700 |
_aSupervisor Dr. Asghari Maqsood, (SI) _920108 |
||
| 942 |
_2ddc _cTHE |
||
| 999 |
_c528355 _d528355 |
||